LEADER 01062nam 2200385 450 001 9910163086903321 005 20230810001909.0 010 $a93-86062-43-7 010 $a93-86062-44-5 035 $a(CKB)3710000001042739 035 $a(MiAaPQ)EBC4793330 035 $a(EXLCZ)993710000001042739 100 $a20170206h20172017 uy 0 101 0 $aeng 135 $aurcnu|||||||| 181 $2rdacontent 182 $2rdamedia 183 $2rdacarrier 200 10$aRise like a phoenix $escripting corporate turnaround /$fPradip Chanda 210 1$aLos Angeles, [California] :$cSage,$d2017. 210 4$dİ2017 215 $a1 online resource (199 pages) $cillustrations 300 $aIncludes index. 311 $a93-86062-42-9 606 $aFinance$xManagement 615 0$aFinance$xManagement. 676 $a363.610681 700 $aChanda$b Pradip$0762965 801 0$bMiAaPQ 801 1$bMiAaPQ 801 2$bMiAaPQ 906 $aBOOK 912 $a9910163086903321 996 $aRise like a phoenix$92886720 997 $aUNINA